[Event "Oberliga Ost-A 1314"]
[Site "Germany"]
[Date "2013.10.13"]
[Round "1.8"]
[White "Gempe, Anet"]
[Black "Kreyssig, Bruno"]
[Result "1-0"]
[WhiteElo "2014"]
[BlackElo "1833"]
[PlyCount "77"]
[EventDate "2013.10.13"]
[EventType "team-tourn"]
[EventRounds "11"]
[EventCountry "GER"]
[SourceTitle "OM OTB B 201907"]
[Source "Opening Master"]
[SourceDate "2019.07.06"]
[SourceVersion "2"]
[SourceVersionDate "2019.07.06"]
[SourceQuality "1"]

1. e4 c5 2. Nf3 Nc6 3. d4 cxd4 4. Nxd4 Nf6 5. Nc3 d6 6. Be2 e5 7. Nb3 Be7 8.
O-O O-O 9. Be3 a5 10. f3 a4 11. Nd2 a3 12. b3 Be6 13. Nc4 d5 14. exd5 Nxd5 15.
Nxd5 Qxd5 16. Qxd5 Bxd5 17. c3 Rad8 18. Rad1 Be6 19. Bb6 Rxd1 20. Rxd1 f5 21.
Nd2 Bd8 22. Bc5 Be7 23. Bxe7 Nxe7 24. Bc4 Kf7 25. Bxe6+ Kxe6 26. Nc4 Nd5 27.
Re1 Nxc3 28. Rxe5+ Kf6 29. Ra5 Nxa2 30. Rxa3 Nc3 31. Ra7 b5 32. Ra6+ Kg5 33.
Ne5 Re8 34. Nd3 Ne2+ 35. Kf1 Nd4 36. b4 Re3 37. Nc5 Rc3 38. Rd6 Rc4 39. Rxd4
1-0

[Event "Chigorin Memorial 21st"]
[Site "St Petersburg"]
[Date "2013.10.12"]
[Round "8"]
[White "Shpakovsky, Kirill"]
[Black "Kuzmin, Egor"]
[Result "0-1"]
[WhiteElo "1891"]
[BlackElo "2190"]
[PlyCount "106"]
[EventDate "2013.10.05"]
[EventType "swiss"]
[EventRounds "9"]
[EventCountry "RUS"]
[SourceTitle "OM OTB B 201907"]
[Source "Opening Master"]
[SourceDate "2019.07.06"]
[SourceVersion "2"]
[SourceVersionDate "2019.07.06"]
[SourceQuality "1"]

1. e4 c5 2. Nf3 d6 3. d4 cxd4 4. Nxd4 Nf6 5. Nc3 Nc6 6. Be2 e5 7. Nb3 Be7 8.
O-O a5 9. a4 O-O 10. Be3 Nb4 11. h3 Be6 12. Qd2 Qc7 13. Bg5 h6 14. Bxf6 Bxf6
15. Nd5 Bxd5 16. exd5 Qxc2 17. Qxc2 Nxc2 18. Rac1 Nb4 19. Bf3 Bg5 20. Rc4 Bd8
21. g4 g6 22. Rd1 Bb6 23. Kg2 Kg7 24. Kg3 f5 25. Rd2 e4 26. Bd1 f4+ 27. Kg2 e3
28. fxe3 fxe3 29. Re2 Nxd5 30. Kg3 Rf1 31. Bc2 Rf2 32. Bd3 Raf8 33. Rxf2 exf2
34. Rc1 Be3 35. Rf1 b6 36. Rd1 Bd4 37. Nxd4 Ne3 38. Ne6+ Kf7 39. Nxf8 Nxd1 40.
Nd7 Nxb2 41. Bf1 Nxa4 42. Kxf2 Ke7 43. Nb8 Nc3 44. Ke3 Nd5+ 45. Kd4 Nc7 46.
Nc6+ Kf6 47. h4 d5 48. Ne5 b5 49. Nc6 a4 50. Kc5 a3 51. Na5 Ke5 52. Kc6 Ne6 53.
Kxb5 Nd4+ 0-1

[Event "Llinars del Valles op 5th"]
[Site "Llinars del Valles"]
[Date "2013.10.11"]
[Round "2"]
[White "Cobos Navarro, Francesco"]
[Black "Gultresa Boada, Isaac"]
[Result "0-1"]
[WhiteElo "2146"]
[BlackElo "2063"]
[PlyCount "64"]
[EventDate "2013.10.04"]
[EventType "swiss"]
[EventRounds "8"]
[EventCountry "ESP"]
[SourceTitle "OM OTB B 201907"]
[Source "Opening Master"]
[SourceDate "2019.07.06"]
[SourceVersion "2"]
[SourceVersionDate "2019.07.06"]
[SourceQuality "1"]

1. e4 c5 2. Nf3 Nc6 3. d4 cxd4 4. Nxd4 Nf6 5. Nc3 d6 6. Be2 e5 7. Nf3 Be7 8.
O-O O-O 9. h3 h6 10. Be3 Be6 11. Nh2 d5 12. exd5 Nxd5 13. Nxd5 Bxd5 14. c4 Be6
15. b3 f5 16. f4 e4 17. g4 Bf6 18. Rc1 Qe7 19. Qe1 Rad8 20. gxf5 Bxf5 21. Bg4
Nd4 22. Bxf5 Nxf5 23. Bxa7 Ra8 24. Be3 Rfd8 25. Kh1 Rxa2 26. Ng4 Bh4 27. Bf2
Rdd2 28. Bxh4 Nxh4 29. Rd1 Re2 30. Qg3 Nf5 31. Qc3 Qh4 32. Rd7 Ng3+ 0-1

[Event "EU-ch U12 23rd"]
[Site "Budva"]
[Date "2013.10.08"]
[Round "9"]
[White "Lukasiewicz, Krzysztof"]
[Black "Petriashvili, Nikoloz"]
[Result "0-1"]
[WhiteElo "1818"]
[BlackElo "1732"]
[PlyCount "128"]
[EventDate "2013.09.29"]
[EventType "swiss"]
[EventRounds "9"]
[EventCountry "MNE"]
[SourceTitle "OM OTB B 201907"]
[Source "Opening Master"]
[SourceDate "2019.07.06"]
[SourceVersion "2"]
[SourceVersionDate "2019.07.06"]
[SourceQuality "1"]

1. e4 c5 2. Nf3 Nc6 3. d4 cxd4 4. Nxd4 Nf6 5. Nc3 d6 6. Be2 e5 7. Nb3 Be7 8.
O-O O-O 9. Be3 a5 10. Nd2 d5 11. exd5 Nxd5 12. Nxd5 Qxd5 13. c3 Be6 14. Qc2
Rac8 15. Rfd1 Nd4 16. Bxd4 Qxd4 17. Nf3 Qc5 18. Qe4 f6 19. Rd2 b6 20. Bd3 g6
21. Qe2 Rfd8 22. h3 Bf8 23. Ba6 Rxd2 24. Nxd2 Rc7 25. Ne4 Qe7 26. Qe3 f5 27.
Nd2 Qc5 28. Qxc5 Bxc5 29. Bb5 Rc8 30. Nf3 e4 31. Ng5 Bd5 32. c4 Bc6 33. Bxc6
Rxc6 34. Rd1 Be7 35. h4 Rxc4 36. Nxh7 Bxh4 37. g3 Kxh7 38. gxh4 Rc2 39. b3 Rxa2
40. Rd7+ Kh6 41. Rb7 Rb2 42. Rxb6 Kh5 43. Rb5 Kxh4 44. Rxa5 Rxb3 45. Kg2 Kg4
46. Ra6 g5 47. Ra4 Kf4 48. Rc4 Rb2 49. Ra4 g4 50. Ra3 Rd2 51. Rb3 Rd3 52. Rb4
g3 53. fxg3+ Rxg3+ 54. Kf2 Rd3 55. Ke2 Rh3 56. Kf2 Rh2+ 57. Kg1 Ra2 58. Rb5 Kg4
59. Kf1 f4 60. Rb3 e3 61. Kg1 Kf3 62. Rc3 Ra1+ 63. Kh2 Kf2 64. Rc4 e2 0-1

[Event "EU-ch U14 23rd"]
[Site "Budva"]
[Date "2013.10.07"]
[Round "8"]
[White "Lukic, Lazar"]
[Black "Paiva, Henrique MA Alberg"]
[Result "1/2-1/2"]
[WhiteElo "1738"]
[BlackElo "1635"]
[PlyCount "83"]
[EventDate "2013.09.29"]
[EventType "swiss"]
[EventRounds "9"]
[EventCountry "MNE"]
[SourceTitle "OM OTB B 201907"]
[Source "Opening Master"]
[SourceDate "2019.07.06"]
[SourceVersion "2"]
[SourceVersionDate "2019.07.06"]
[SourceQuality "1"]

1. e4 c5 2. Nf3 d6 3. d4 cxd4 4. Nxd4 Nf6 5. Nc3 Nc6 6. Be2 e5 7. Nb3 Be6 8.
O-O Be7 9. Kh1 d5 10. Bd3 O-O 11. Bg5 dxe4 12. Bxf6 exd3 13. Bxe7 Nxe7 14. cxd3
b6 15. Re1 Ng6 16. Re3 f5 17. f3 Qg5 18. Re1 Rad8 19. Nc1 Nf4 20. Qd2 Qf6 21.
Qe3 Ng6 22. Kg1 f4 23. Qf2 Ne7 24. Ne4 Qg6 25. Qf1 Nd5 26. Qf2 Ne3 27. g4 Rc8
28. Re2 Bd5 29. a3 Bxe4 30. dxe4 Rfd8 31. Nb3 Qe6 32. Nd2 Rc2 33. Nf1 Nxg4 34.
Qh4 Rxe2 35. Qxd8+ Kf7 36. Rd1 Nf6 37. Qc7+ Kg6 38. Rd2 Rxd2 39. Nxd2 Qd7 40.
Qc2 Qd4+ 41. Kg2 Qc5 42. Qd3 1/2-1/2

[Event "Sao Sebastiao op"]
[Site "Sao Sebastiao"]
[Date "2013.10.06"]
[Round "6"]
[White "Melo Reda, Caique"]
[Black "Pereira, Ezequias Morais"]
[Result "1/2-1/2"]
[WhiteElo "1883"]
[BlackElo "1763"]
[PlyCount "51"]
[EventDate "2013.10.04"]
[EventType "swiss"]
[EventRounds "6"]
[EventCountry "BRA"]
[SourceTitle "OM OTB B 201907"]
[Source "Opening Master"]
[SourceDate "2019.07.06"]
[SourceVersion "2"]
[SourceVersionDate "2019.07.06"]
[SourceQuality "1"]

1. e4 c5 2. Nf3 Nc6 3. d4 cxd4 4. Nxd4 Nf6 5. Nc3 d6 6. Be2 e5 7. Nb3 Be6 8.
O-O Be7 9. Be3 O-O 10. Bf3 a6 11. a4 Rc8 12. Qd2 Na5 13. Nxa5 Qxa5 14. Nd5 Qd8
15. Rac1 Bxd5 16. exd5 Nd7 17. a5 f5 18. Qb4 Qc7 19. Be2 f4 20. Bd2 Nf6 21. c4
Qd7 22. Rfe1 Rc7 23. Qb3 Rfc8 24. Qa2 Qf5 25. Qb1 Qd7 26. Qa2 1/2-1/2

[Event "NRW Class1 1314"]
[Site "Germany"]
[Date "2013.10.06"]
[Round "2.4"]
[White "Rosen, Willy"]
[Black "Litwak, Aleksej"]
[Result "0-1"]
[WhiteElo "2183"]
[BlackElo "2230"]
[PlyCount "38"]
[EventDate "2013.09.15"]
[EventType "team-tourn"]
[EventRounds "9"]
[EventCountry "GER"]
[SourceTitle "OM OTB B 201907"]
[Source "Opening Master"]
[SourceDate "2019.07.06"]
[SourceVersion "2"]
[SourceVersionDate "2019.07.06"]
[SourceQuality "1"]

1. e4 c5 2. Nf3 d6 3. d4 cxd4 4. Nxd4 Nf6 5. Nc3 Nc6 6. Be2 e5 7. Nb3 Be7 8.
Be3 O-O 9. Qd2 Be6 10. O-O-O a5 11. a4 Nb4 12. Kb1 Rc8 13. Bf3 Nd7 14. g4 Nb6
15. Nxa5 Nxa4 16. Nxb7 Qd7 17. Nc5 Nxc5 18. Bxc5 Rxc5 19. Nd5 Nxd5 0-1

[Event "GER-chT Lands U20"]
[Site "Hannover"]
[Date "2013.10.04"]
[Round "4.6"]
[White "Weber, Sandra"]
[Black "Kempe, Anne"]
[Result "1/2-1/2"]
[WhiteElo "1767"]
[BlackElo "1770"]
[PlyCount "78"]
[EventDate "2013.10.02"]
[EventType "team-swiss"]
[EventRounds "7"]
[EventCountry "GER"]
[SourceTitle "OM OTB B 201907"]
[Source "Opening Master"]
[SourceDate "2019.07.06"]
[SourceVersion "2"]
[SourceVersionDate "2019.07.06"]
[SourceQuality "1"]

1. e4 c5 2. Nf3 Nc6 3. d4 cxd4 4. Nxd4 Nf6 5. Nc3 d6 6. Be2 e5 7. Nb3 Be7 8.
O-O O-O 9. Be3 a5 10. a3 Be6 11. Bf3 a4 12. Nc1 b5 13. Nd5 Rb8 14. Na2 Na5 15.
Nab4 Nxd5 16. Nxd5 Nc4 17. Bc1 Bg5 18. b3 axb3 19. cxb3 Na5 20. Qd3 Bxc1 21.
Rfxc1 Bxd5 22. Qxd5 Rc8 23. Be2 Rc5 24. Rxc5 dxc5 25. Qxd8 Rxd8 26. Rb1 b4 27.
axb4 cxb4 28. Bc4 Nxc4 29. bxc4 b3 30. f3 Rd3 31. Kf1 Rc3 32. Rb2 f6 33. Ke2
Kf7 34. Kd2 Rxc4 35. Rxb3 Ra4 36. Rb2 Ra1 37. Ke2 Rh1 38. h3 Rc1 39. Kf2 Rd1
1/2-1/2

[Event "EU-ch U14 23rd"]
[Site "Budva"]
[Date "2013.10.03"]
[Round "5"]
[White "Zajic, Milan"]
[Black "Tomczak, Mikolaj"]
[Result "1/2-1/2"]
[WhiteElo "2302"]
[BlackElo "2097"]
[PlyCount "68"]
[EventDate "2013.09.29"]
[EventType "swiss"]
[EventRounds "9"]
[EventCountry "MNE"]
[SourceTitle "OM OTB B 201907"]
[Source "Opening Master"]
[SourceDate "2019.07.06"]
[SourceVersion "2"]
[SourceVersionDate "2019.07.06"]
[SourceQuality "1"]

1. e4 c5 2. Nf3 Nc6 3. d4 cxd4 4. Nxd4 Nf6 5. Nc3 d6 6. Be2 e5 7. Nf3 h6 8. O-O
Be7 9. Re1 Be6 10. Bf1 Nb8 11. b3 O-O 12. Bb2 Nbd7 13. h3 a6 14. a4 Qc7 15. Nd2
Qc6 16. Qf3 Rad8 17. Nc4 Nc5 18. Na5 Qc7 19. Nc4 Qc6 20. Rad1 Ncxe4 21. Na5 Qc7
22. Nxe4 Qxa5 23. Nxf6+ Bxf6 24. Qxb7 Rc8 25. Qe4 d5 26. Qe2 d4 27. Qd2 Qxd2
28. Rxd2 a5 29. Bd3 Rfd8 30. Rde2 Rd5 31. Be4 Rd7 32. Bd3 Rd5 33. Be4 Rd7 34.
Bd3 Rd5 1/2-1/2

[Event "Tatry op"]
[Site "Tatranske Zruby"]
[Date "2013.10.02"]
[Round "5"]
[White "Mrva, Martin"]
[Black "Kubik, Michael"]
[Result "1/2-1/2"]
[WhiteElo "2427"]
[BlackElo "2157"]
[PlyCount "61"]
[EventDate "2013.09.29"]
[EventType "swiss"]
[EventRounds "9"]
[EventCountry "SVK"]
[SourceTitle "OM OTB B 201907"]
[Source "Opening Master"]
[SourceDate "2019.07.06"]
[SourceVersion "2"]
[SourceVersionDate "2019.07.06"]
[SourceQuality "1"]

1. e4 c5 2. Nf3 d6 3. d4 cxd4 4. Nxd4 Nf6 5. Nc3 Nc6 6. Be2 e5 7. Nf3 h6 8. O-O
Be7 9. Bc4 O-O 10. Re1 Bg4 11. h3 Bxf3 12. Qxf3 Nd4 13. Qd3 Rc8 14. Nb5 Rxc4
15. Qxc4 Qa5 16. Nc3 Nxc2 17. Be3 Nxa1 18. Rxa1 a6 19. Rc1 Qd8 20. Nd5 Nxd5 21.
Qxd5 Qd7 22. Qc4 Bg5 23. Bxg5 hxg5 24. Qd5 Rc8 25. Rd1 Qc6 26. Qxd6 Qxe4 27.
Qe7 Qc2 28. Rd8+ Rxd8 29. Qxd8+ Kh7 30. Qxg5 Qxb2 31. Qf5+ 1/2-1/2

[Event "FICS unrated standard game"]
[Site "FICS freechess.org"]
[Date "2013.10.02"]
[Round "?"]
[White "GMMrva"]
[Black "MichaelKubik"]
[Result "1/2-1/2"]
[WhiteElo "2427"]
[BlackElo "2157"]
[PlyCount "63"]
[EventDate "2013.??.??"]

1. e4 c5 2. Nf3 d6 3. d4 cxd4 4. Nxd4 Nf6 5. Nc3 Nc6 6. Be2 e5 7. Nf3 h6 8. O-O
Be7 9. Bc4 O-O 10. Re1 Bg4 11. h3 Bxf3 12. Qxf3 Nd4 13. Qd3 Rc8 14. Nb5 Rxc4
15. Qxc4 Qa5 16. Nc3 Nxc2 17. Be3 Nxa1 18. Rxa1 a6 19. Rc1 Qd8 20. Nd5 Nxd5 21.
Qxd5 Qd7 22. Qc4 Bg5 23. Bxg5 hxg5 24. Qd5 Rc8 25. Rd1 Qc6 26. Qxd6 Qxe4 27.
Qe7 Qc2 28. Rd8+ Rxd8 29. Qxd8+ Kh7 30. Qxg5 Qxb2 31. Qf5+ Kh6 32. g4 1/2-1/2

[Event "UKR-POL U26"]
[Site "Lvov"]
[Date "2013.09.28"]
[Round "4"]
[White "Graczyk, Natalia"]
[Black "Pershina, Ludmila"]
[Result "1-0"]
[WhiteElo "1796"]
[BlackElo "1869"]
[PlyCount "93"]
[EventDate "2013.09.26"]
[EventType "team-swiss"]
[EventRounds "5"]
[EventCountry "UKR"]
[SourceTitle "OM OTB B 201907"]
[Source "Opening Master"]
[SourceDate "2019.07.06"]
[SourceVersion "2"]
[SourceVersionDate "2019.07.06"]
[SourceQuality "1"]

1. e4 c5 2. Nf3 Nc6 3. d4 cxd4 4. Nxd4 Nf6 5. Nc3 d6 6. Be2 e5 7. Nb3 Be7 8.
Be3 O-O 9. f3 Be6 10. Nd5 Rc8 11. Qd2 Re8 12. O-O-O Bf8 13. g4 Bxd5 14. exd5
Nxd5 15. Qxd5 Nb4 16. Qb5 Qc7 17. c3 Nxa2+ 18. Kb1 Nxc3+ 19. bxc3 Qxc3 20. Bd2
Qc2+ 21. Ka1 a6 22. Qd5 b5 23. Rc1 Qg6 24. Bd3 Qf6 25. Be4 Qe7 26. Qb7 Qxb7 27.
Bxb7 Rb8 28. Rc7 Re7 29. Rxe7 Bxe7 30. Bd5 Kf8 31. Rc1 g6 32. Na5 Bf6 33. Bh6+
Ke8 34. Bc6+ Kd8 35. Be4 Kd7 36. Ka2 Ke6 37. Rc6 Bd8 38. Rxa6 Bxa5 39. Rxa5 f5
40. gxf5+ gxf5 41. Bc6 Rg8 42. Rxb5 Rg2+ 43. Rb2 Rg6 44. Bf8 Rf6 45. Rb8 d5 46.
Rd8 e4 47. Bxd5+ 1-0

[Event "Blagoevgrad op"]
[Site "Blagoevgrad"]
[Date "2013.09.28"]
[Round "1"]
[White "Dragiev, Drago"]
[Black "Saric, Ivan"]
[Result "0-1"]
[WhiteElo "1948"]
[BlackElo "2627"]
[PlyCount "62"]
[EventDate "2013.09.28"]
[EventType "swiss"]
[EventRounds "9"]
[EventCountry "BUL"]
[SourceTitle "OM OTB B 201907"]
[Source "Opening Master"]
[SourceDate "2019.07.06"]
[SourceVersion "2"]
[SourceVersionDate "2019.07.06"]
[SourceQuality "1"]

1. e4 c5 2. Nf3 Nc6 3. d4 cxd4 4. Nxd4 Nf6 5. Nc3 d6 6. Be2 e5 7. Nb3 Be7 8.
Be3 O-O 9. O-O a5 10. a4 Be6 11. f4 Rc8 12. Nd5 Nxe4 13. Bb6 Qd7 14. Bb5 Bd8
15. Bxa5 Ra8 16. Nb6 Bxb6+ 17. Bxb6 Qe7 18. f5 Bxb3 19. cxb3 Nf6 20. g4 h6 21.
Be3 d5 22. g5 hxg5 23. Bxg5 Nd4 24. Bd3 e4 25. Bb1 Nf3+ 26. Rxf3 exf3 27. Qxf3
Qe1+ 28. Qf1 Qe5 29. Bd3 Rfe8 30. Rd1 Ne4 31. Qf3 Nxg5 0-1

[Event "Blagoevgrad op"]
[Site "Blagoevgrad"]
[Date "2013.09.28"]
[Round "1"]
[White "Zahariev, Ognyan"]
[Black "Dlugy, Maxim"]
[Result "0-1"]
[WhiteElo "1868"]
[BlackElo "2524"]
[PlyCount "67"]
[EventDate "2013.09.28"]
[EventType "swiss"]
[EventRounds "9"]
[EventCountry "BUL"]
[SourceTitle "OM OTB B 201907"]
[Source "Opening Master"]
[SourceDate "2019.07.06"]
[SourceVersion "2"]
[SourceVersionDate "2019.07.06"]
[SourceQuality "1"]

1. e4 c5 2. Nf3 d6 3. d4 cxd4 4. Nxd4 Nf6 5. Nc3 Nc6 6. Be2 e5 7. Nf3 h6 8. Be3
Be6 9. Qd2 Qa5 10. O-O Rc8 11. a3 a6 12. h3 Be7 13. Rad1 O-O 14. Ne1 Rfd8 15.
Bf3 Kf8 16. Qc1 Bc4 17. Nd3 Nd4 18. Bxd4 exd4 19. Ne2 Qb6 20. Qb1 d5 21. Ng3
Bd6 22. exd5 Bxg3 23. fxg3 Bxd5 24. Kh2 Qc7 25. Ne1 Be4 26. Rd2 h5 27. h4 Bxf3
28. gxf3 Nd5 29. Rxd4 Ne3 30. Rxd8+ Rxd8 31. Rf2 Rd1 32. Qa2 Rxe1 33. Qb3 Nf1+
34. Kh3 0-1

[Event "HUN-chT2 Asztalos 1314"]
[Site "Hungary"]
[Date "2013.09.22"]
[Round "2"]
[White "Ruppaner, Janos"]
[Black "Szijarto, Attila"]
[Result "1-0"]
[WhiteElo "2133"]
[BlackElo "2066"]
[PlyCount "101"]
[EventDate "2013.09.08"]
[EventType "team-tourn"]
[EventRounds "9"]
[EventCountry "HUN"]
[SourceTitle "OM OTB B 201907"]
[Source "Opening Master"]
[SourceDate "2019.07.06"]
[SourceVersion "2"]
[SourceVersionDate "2019.07.06"]
[SourceQuality "1"]

1. e4 c5 2. Nf3 d6 3. d4 cxd4 4. Nxd4 Nf6 5. Nc3 Nc6 6. Be2 e5 7. Nb3 Be7 8.
Be3 Be6 9. O-O O-O 10. f3 d5 11. exd5 Nxd5 12. Nxd5 Bxd5 13. c4 Be6 14. Qxd8
Rfxd8 15. Rfd1 Rac8 16. Nc5 Nd4 17. Bxd4 exd4 18. Nxe6 fxe6 19. a3 Bf6 20. Bd3
Kf7 21. b4 a5 22. Rab1 axb4 23. Rxb4 Rc7 24. Rdb1 Rdd7 25. a4 Be7 26. Rb5 Bc5
27. a5 h6 28. Kf1 Bd6 29. h3 Kf6 30. Ke2 Bf4 31. c5 Rd5 32. Rxb7 Rcxc5 33. a6
Ra5 34. a7 Ra2+ 35. R1b2 Rda5 36. Rxa2 Rxa2+ 37. Ke1 Ra1+ 38. Ke2 Ra2+ 39. Kd1
Be3 40. f4 Ra3 41. Kc2 Bxf4 42. Kb2 Ra5 43. Be4 d3 44. Rd7 d2 45. a8=Q Rxa8 46.
Bxa8 Kf5 47. Kc2 g5 48. Bf3 e5 49. Re7 Kf6 50. Rh7 Kf5 51. g4+ 1-0

[Event "Dnipropetrovsk (Women)"]
[Site "Dnipropetrovsk"]
[Date "2013.09.21"]
[Round "7"]
[White "Petrenko, Svetlana"]
[Black "Eidelson, Rakhil"]
[Result "1-0"]
[WhiteElo "2184"]
[BlackElo "2177"]
[PlyCount "107"]
[EventDate "2013.09.15"]
[EventType "tourn"]
[EventRounds "9"]
[EventCountry "UKR"]
[SourceTitle "OM OTB B 201907"]
[Source "Opening Master"]
[SourceDate "2019.07.06"]
[SourceVersion "2"]
[SourceVersionDate "2019.07.06"]
[SourceQuality "1"]

1. e4 c5 2. Nf3 Nc6 3. d4 cxd4 4. Nxd4 Nf6 5. Nc3 d6 6. Be2 e5 7. Nb3 Be7 8.
O-O O-O 9. f4 a5 10. a4 Nb4 11. Kh1 Be6 12. f5 Bd7 13. Bf3 Bc6 14. Bg5 Qb6 15.
Qd2 Rfd8 16. Be3 Qc7 17. Qf2 Ra6 18. Nb5 Qd7 19. c3 Nd3 20. Qc2 Nf4 21. c4 b6
22. g3 N4h5 23. g4 Nf4 24. Bxf4 exf4 25. g5 Ne8 26. Qg2 g6 27. f6 Bf8 28. N3d4
Ba8 29. b3 Qc8 30. Qd2 Qc5 31. Qxf4 Qe5 32. Bg2 Qxf4 33. Rxf4 Bb7 34. h4 Raa8
35. Bh3 Bc8 36. Kh2 Bxh3 37. Kxh3 Rac8 38. Rd1 Rc5 39. Rf2 Rdc8 40. Nf3 Nc7 41.
Nxc7 R5xc7 42. Nd4 Re8 43. Re2 h6 44. Kg4 Rc5 45. Nb5 hxg5 46. hxg5 Rce5 47.
Kf4 Rf5+ 48. exf5 Rxe2 49. fxg6 fxg6 50. Nxd6 Re6 51. Ne4 Bb4 52. Rd8+ Bf8 53.
Rd7 Rc6 54. Ke5 1-0

[Event "CRO-chT (Women)"]
[Site "Bol"]
[Date "2013.09.20"]
[Round "7.3"]
[White "Purgar, Ivona"]
[Black "Madl, Ildiko"]
[Result "1/2-1/2"]
[WhiteElo "2118"]
[BlackElo "2340"]
[PlyCount "20"]
[EventDate "2013.09.14"]
[EventType "team-tourn"]
[EventRounds "7"]
[EventCountry "CRO"]
[SourceTitle "OM OTB B 201907"]
[Source "Opening Master"]
[SourceDate "2019.07.06"]
[SourceVersion "2"]
[SourceVersionDate "2019.07.06"]
[SourceQuality "1"]

1. e4 c5 2. Nf3 d6 3. d4 cxd4 4. Nxd4 Nf6 5. Nc3 Nc6 6. Be2 e5 7. Nf3 h6 8. O-O
Be7 9. Re1 O-O 10. h3 Be6 1/2-1/2

[Event "Omsk op"]
[Site "Omsk"]
[Date "2013.09.15"]
[Round "6"]
[White "Yaitskiy, Valeriy"]
[Black "Pisjmeniuk, Artem"]
[Result "1/2-1/2"]
[WhiteElo "1970"]
[BlackElo "1987"]
[PlyCount "37"]
[EventDate "2013.09.10"]
[EventType "swiss"]
[EventRounds "9"]
[EventCountry "RUS"]
[SourceTitle "OM OTB B 201907"]
[Source "Opening Master"]
[SourceDate "2019.07.06"]
[SourceVersion "2"]
[SourceVersionDate "2019.07.06"]
[SourceQuality "1"]

1. e4 c5 2. Nf3 d6 3. d4 cxd4 4. Nxd4 Nf6 5. Nc3 Nc6 6. Be2 e5 7. Nf3 Be7 8.
Bg5 Be6 9. O-O O-O 10. h3 Qb6 11. Bxf6 Bxf6 12. Nd5 Bxd5 13. exd5 Nd4 14. Bd3
Qxb2 15. Nd2 Qa3 16. c3 Qxc3 17. Ne4 Qa3 18. Nxf6+ gxf6 19. Bxh7+ 1/2-1/2

[Event "POL-chT1"]
[Site "Szklarska Poreba"]
[Date "2013.09.14"]
[Round "8"]
[White "Szoen, Dariusz"]
[Black "Jarmula, Pawel"]
[Result "1-0"]
[WhiteElo "2426"]
[BlackElo "2123"]
[PlyCount "59"]
[EventDate "2013.09.07"]
[EventType "team-tourn"]
[EventRounds "9"]
[EventCountry "POL"]
[SourceTitle "OM OTB B 201907"]
[Source "Opening Master"]
[SourceDate "2019.07.06"]
[SourceVersion "2"]
[SourceVersionDate "2019.07.06"]
[SourceQuality "1"]

1. e4 c5 2. Nf3 d6 3. d4 cxd4 4. Nxd4 Nf6 5. Nc3 Nc6 6. Be2 e5 7. Nb3 Be7 8.
O-O O-O 9. f4 a5 10. a4 Nb4 11. Kh1 Be6 12. Be3 Qc7 13. Nd2 exf4 14. Bxf4 Rac8
15. Nb3 Qb6 16. Bb5 d5 17. e5 Ne4 18. Nxe4 dxe4 19. Nd4 Rfd8 20. c3 Nd3 21. Qe2
Bd5 22. Nf5 Bf8 23. Bg5 Nxe5 24. Bxd8 Rxd8 25. Ng3 e3 26. Rad1 Bc5 27. Nf5 Be6
28. b4 axb4 29. cxb4 Bxb4 30. Qxe3 1-0

[Event "POL-chT1"]
[Site "Szklarska Poreba"]
[Date "2013.09.12"]
[Round "6"]
[White "Raszka, Janusz"]
[Black "Jarmula, Pawel"]
[Result "0-1"]
[WhiteElo "2192"]
[BlackElo "2123"]
[PlyCount "100"]
[EventDate "2013.09.07"]
[EventType "team-tourn"]
[EventRounds "9"]
[EventCountry "POL"]
[SourceTitle "OM OTB B 201907"]
[Source "Opening Master"]
[SourceDate "2019.07.06"]
[SourceVersion "2"]
[SourceVersionDate "2019.07.06"]
[SourceQuality "1"]

1. e4 c5 2. Nf3 d6 3. d4 cxd4 4. Nxd4 Nf6 5. Nc3 Nc6 6. Be2 e5 7. Nb3 Be7 8.
O-O O-O 9. Bf3 a5 10. a4 Nb4 11. Re1 Be6 12. Nd5 Nfxd5 13. exd5 Bf5 14. Be4
Bxe4 15. Rxe4 f5 16. Re2 b6 17. f4 Qc7 18. c3 Na6 19. Be3 Nc5 20. Nxc5 bxc5 21.
b4 exf4 22. Bxf4 cxb4 23. cxb4 Bf6 24. Rb1 axb4 25. Re6 Qa7+ 26. Kh1 Qxa4 27.
Bxd6 Rfd8 28. Bxb4 Qa2 29. Rd6 Rdb8 30. Rc6 Ra4 31. Rbc1 Raxb4 32. Rc8+ Bd8 33.
Rxb8 Rxb8 34. d6 Bf6 35. d7 Rd8 36. Rc8 Qe6 37. Rxd8+ Bxd8 38. Kg1 g6 39. Kf1
Kf7 40. Qd4 Qa6+ 41. Ke1 Qf6 42. Qa7 Ke7 43. Kf1 Qe6 44. Qd4 Qa6+ 45. Ke1 Qf6
46. Qa7 Qe6+ 47. Kf1 Qxd7 48. Qa1 Kf7 49. Qh8 Qd1+ 50. Kf2 Bb6+ 0-1

[Event "FICGS__CHESS__RAPID_M__000066"]
[Site "FICGS"]
[Date "2013.09.11"]
[Round "1"]
[White "Kolomytchenko, Igor"]
[Black "Wosch, Arkadiusz"]
[Result "0-1"]
[WhiteElo "2184"]
[BlackElo "2153"]
[PlyCount "88"]
[EventDate "2013.??.??"]
[EventType "rapid"]

1. e4 c5 2. Nf3 Nc6 3. d4 cxd4 4. Nxd4 Nf6 5. Nc3 d6 6. Be2 e5 7. Nf3 h6 8. O-O
Be7 9. Re1 O-O 10. h3 Be6 11. Bf1 Nb8 12. b3 a6 13. a4 Nbd7 14. Bb2 Qc8 15. Nd2
Qc6 16. Bc4 b6 17. Qe2 Qb7 18. Red1 Rfc8 19. Bxe6 fxe6 20. Nc4 Qc6 21. Qd2 Nc5
22. f3 b5 23. Ne3 Nh5 24. Qf2 Nd7 25. Ne2 Qb6 26. Ba3 b4 27. Bc1 a5 28. Ra2 Rc6
29. Nc4 Qc7 30. Ne3 Rd8 31. Kh2 Ndf6 32. Ng3 Nf4 33. Qe1 d5 34. exd5 exd5 35.
Nef5 Bc5 36. Bxf4 exf4 37. Ne2 Re8 38. Qd2 Rce6 39. Ned4 Re3 40. Qf2 Qe5 41.
Qh4 Kh7 42. Raa1 Rf8 43. Rd2 Nh5 44. Rdd1 Rf6 0-1

[Event "POL-chT2"]
[Site "Poronin"]
[Date "2013.09.10"]
[Round "4.32"]
[White "Kasperek, Ryszard"]
[Black "Stachanczyk, Jacek"]
[Result "0-1"]
[WhiteElo "2210"]
[BlackElo "2227"]
[PlyCount "82"]
[EventDate "2013.09.06"]
[EventType "team-swiss"]
[EventRounds "9"]
[EventCountry "POL"]
[SourceTitle "OM OTB B 201907"]
[Source "Opening Master"]
[SourceDate "2019.07.06"]
[SourceVersion "2"]
[SourceVersionDate "2019.07.06"]
[SourceQuality "1"]

1. e4 c5 2. Nf3 d6 3. d4 cxd4 4. Nxd4 Nf6 5. Nc3 Nc6 6. Be2 e5 7. Nb3 Be7 8.
O-O O-O 9. Bf3 a5 10. a4 h6 11. Re1 b6 12. Be3 Nb4 13. Nc1 Bb7 14. N1e2 Rc8 15.
Ng3 d5 16. exd5 Nfxd5 17. Nxd5 Bxd5 18. Bxd5 Qxd5 19. Qxd5 Nxd5 20. Nf5 Bf6 21.
c3 Rfd8 22. Red1 h5 23. Rd2 Rd7 24. Re2 g6 25. Ng3 Be7 26. Bd2 f6 27. Nf1 Kf7
28. g3 Bc5 29. Kg2 Rcd8 30. Rb1 g5 31. h3 Ke6 32. f4 gxf4 33. gxf4 Rg8+ 34. Kf3
Ne7 35. Be1 Rd3+ 36. Ne3 Nf5 37. Bf2 Bxe3 38. Ke4 Rd6 39. fxe5 Bxf2 40. Rxf2
Ng3+ 41. Kf3 Rd3+ 0-1